Emoji Quiz #49 - Statistics

General Stats
  • This quiz has been taken 9 times
  • The average score is 14 of 25
Answer Stats
Hint Answer % Correct
⬇️ {down} arrow
100%
⬅️ {left} arrow
100%
⬆️ {up} arrow
100%
↔️ {left}-{right} arrow
86%
➡️ {right} arrow
86%
↕️ {up}-{down} arrow
86%
↪️ left arrow {curving} right
71%
⤵️ right arrow curving {down}
71%
⤴️ right arrow curving {up}
71%
🔙 {BACK} arrow
57%
🔚 {END} arrow
57%
🔛 {ON!} arrow
57%
↩️ {right} arrow curving left
57%
🔜 {SOON} arrow
57%
🔝 {TOP} arrow
57%
ℹ️ {information}
43%
🔡 input latin {lowercase}
43%
🔠 input latin {uppercase}
43%
⏏️ {eject} button
29%
🔣 input {symbols}
29%
☑️ {check} box with check
14%
🎦 {cinema}
14%
🔄️ {counterclockwise} arrow button
14%
🔤 input latin {characters}
14%
🔃 {clockwise} vertical arrows
0%
No matching quizzes found
Score Distribution
Percent of People with Each Score
Percentile by Number Answered
Your Score History
You have not taken this quiz